00705nam a22002297a 450000500170000001000270001702000260004403500140007003500180008403700130010203700130011508200100012810000200013824501040015825000110026226000320027327000860030530000230039150000200041470000210043470000200045520180206160351.0 a1718EN-30 ENG-121890 a9789332519114c929.00 aEN-105422 aB-684068-4088 bBSBadpl bDBAD/PUB a519.5 aHogg, Robert V. aIntroduction to mathematical statistics / cby Robert V. Hogg, Joeseph Mckean [and] Allen T. Craig  a7th ed c2017aNoida bPearson India a15th Floor,, Tower-B, World Trade, Plot No.1, Block-C, Sector-16,bNoida e201301 c25cm(pbk)a650p. : aIncludes index  aMckean, Joeseph  aCraig, Allen T.